Why love is not enough / (Record no. 276)

MARC details
000 -LEADER
fixed length control field 00472nam a22001935a 4500
005 - DATE AND TIME OF LATEST TRANSACTION
control field 20260322212013.0
008 - FIXED-LENGTH DATA ELEMENTS--GENERAL INFORMATION
fixed length control field data
010 ## - LIBRARY OF CONGRESS CONTROL NUMBER
LC control number 89108368
020 ## - INTERNATIONAL STANDARD BOOK NUMBER
International Standard Book Number 1558509607
020 ## - INTERNATIONAL STANDARD BOOK NUMBER
International Standard Book Number 9781558509603
040 ## - CATALOGING SOURCE
Original cataloging agency DLC
Transcribing agency DLC
Modifying agency DLC
050 00 - LIBRARY OF CONGRESS CALL NUMBER
Classification number IN PROCESS (ONLINE)
092 ## - LOCALLY ASSIGNED DEWEY CALL NUMBER (OCLC)
Classification number 158.5 G658 1988
001 - CONTROL NUMBER
control field data
100 1# - MAIN ENTRY--PERSONAL NAME
Personal name Gordon, Sol,
Dates associated with a name 1923-
245 10 - TITLE STATEMENT
Title Why love is not enough /
Statement of responsibility, etc. Sol Gordon.
260 ## - PUBLICATION, DISTRIBUTION, ETC.
Place of publication, distribution, etc. Boston, Mass. :
Name of publisher, distributor, etc. B. Adams,
Date of publication, distribution, etc. c1988.
300 ## - PHYSICAL DESCRIPTION
Extent 153 p. ;
Dimensions 22 cm.
Holdings
Withdrawn status Lost status Damaged status Not for loan Home library Current library Shelving location Date acquired Total checkouts Full call number Barcode Date last seen Price effective from Koha item type
        Troy Troy General stacks 22/03/2026   IN PROCESS (ONLINE) BC0010285 22/03/2026 22/03/2026 Books